Most Valuable National Football Teams - Statistics

General Stats
  • This quiz has been taken 39 times
  • The average score is 20 of 25
Answer Stats
Value (€) National Team % Correct
911 M Brazil
100%
1.4 B England
100%
1.22 B France
100%
726 M Italy
100%
702 M Netherlands
100%
958 M Portugal
100%
816 M Argentina
97%
1.32 B Spain
97%
534 M Belgium
94%
654 M Germany
94%
327 M Uruguay
92%
292 M Croatia
89%
468 M Sweden
86%
498 M Norway
83%
259 M Switzerland
83%
314 M Türkiye
83%
288 M Colombia
75%
385 M Denmark
75%
268 M Greece
75%
276 M Serbia
56%
248 M Ukraine
56%
326 M Ecuador
47%
449 M Nigeria
44%
237 M Cameroon
39%
252 M Ivory Coast
22%
No matching quizzes found
Score Distribution
Percent of People with Each Score
Percentile by Number Answered
Your Score History
You have not taken this quiz